| 000 | 01254nac a22003011u 4500 | ||
|---|---|---|---|
| 010 | _a 2005926178 | ||
| 020 | _a1412919002 (hardback) | ||
| 020 | _a1412919010 (pbk.) | ||
| 082 | 0 | 0 |
_a658.301 _bSAL |
| 090 |
_c8382 _d8382 |
||
| 100 | _aSalaman, Graeme [ed.] | ||
| 245 | 0 | 0 |
_aStrategic human resource management : _btheory and practice / _cedited by Graeme Salaman, John Storey, and Jon Billsberry. |
| 250 | _a2nd ed. | ||
| 260 |
_aMilton Keynes : _bOpen University in associatin with Sage Publications,C.2005. _cC.2005. |
||
| 300 |
_aviii, 350 p. : _bill. ; _c25 cm. |
||
| 500 | _aDistributer: Al-Ahram. | ||
| 504 | _aIncludes bibliographical references and index. | ||
| 511 | _aCatalogued By: Mahitab. | ||
| 650 | 0 | _aPersonnel management. | |
| 650 | 0 | _aStrategic planning. | |
| 700 | 1 | _aSalaman, Graeme. | |
| 700 | 1 |
_aStorey, John, _d1947- |
|
| 700 | 1 | _aBillsberry, Jon. | |
| 856 | 4 | 2 |
_3Publisher description _uhttp://www.loc.gov/catdir/enhancements/fy0658/2005926178-d.html |
| 856 | 4 | 2 |
_3Table of contents only _uhttp://www.loc.gov/catdir/enhancements/fy0658/2005926178-t.html |
| 942 |
_cBB _k658.301SAL |
||
| 999 |
_c8382 _d8382 |
||